| 000 | 00622nam a2200181Ia 4500 | ||
|---|---|---|---|
| 001 | 16622 | ||
| 005 | 20260306170323.0 | ||
| 008 | 260306t1997||||xx |||||||||||||| ||und|| | ||
| 041 | _aESP | ||
| 082 |
_a348.8 _bS21 |
||
| 100 |
_aSanguineti Raymond, Wilfredo _eAUT |
||
| 245 | 0 |
_aContrato de trabajo y nuevos sistemas productivos: _bun estudio sobre el concepto de subordinación jurídico-laboral y su aptitud para reflejar las transformaciones recientes de las formas de organización del trabajo |
|
| 260 | _c1997 | ||
| 300 |
_a94 páginas : _c21 cm. |
||
| 650 | _aGEN | ||
| 654 | _aCDE | ||
| 942 |
_cLIB _dJUS _fJUS _2ddc _n |
||
| 999 |
_c16622 _d16622 |
||